[Event "DMP - III LIGA SZACHOWA SENIOROW PK 2016"]
[Site "Czudec"]
[Date "2016.??.??"]
[Round "8.1"]
[White "Czajkowski, Ryszard"]
[Black "Lewtak, Damian"]
[Result "0-1"]
[WhiteElo "2076"]
[BlackElo "2323"]
[Annotator "Szachy"]
[PlyCount "84"]
[EventDate "2016.??.??"]

1. d4 {[%emt 0:00:00]} Nf6 {[%emt 0:00:00]} 2. c4 e6 3. Nf3 b6 4. a3 Bb7 5. Nc3
d5 6. Bg5 Be7 7. e3 O-O 8. Bxf6 Bxf6 9. cxd5 exd5 10. Bd3 c5 11. O-O c4 12. Bc2
Nc6 13. Qd2 g6 14. Rad1 Re8 15. Rfe1 Na5 16. e4 dxe4 17. Nxe4 Bxe4 18. Rxe4 Qd6
19. Rxe8+ Rxe8 20. Ba4 Rd8 21. h3 a6 22. Qe1 Nc6 23. Bxc6 Qxc6 24. Qd2 Kg7 25.
Qb4 b5 26. Qd2 Rd5 27. Qe3 h5 28. Kf1 g5 29. Qe4 a5 30. h4 g4 31. Ng5 Bxg5 32.
hxg5 Qe6 33. f3 gxf3 34. gxf3 Qh3+ 35. Ke2 Rxg5 36. Ke3 Qh2 37. Qe7 Rg2 38. Re1
Qg3 39. Re2 Rxe2+ 40. Kxe2 h4 41. Qc5 h3 42. Qh5 h2 0-1

[Event "DMP - III LIGA SZACHOWA SENIOROW PK 2016"]
[Site "Czudec"]
[Date "2016.??.??"]
[Round "8.4"]
[White "Kozak, Antoni"]
[Black "Nowicki, Andrzej"]
[Result "1-0"]
[WhiteElo "1932"]
[BlackElo "1845"]
[Annotator "Szachy"]
[PlyCount "65"]
[EventDate "2016.??.??"]

1. e4 {[%emt 0:00:00]} e5 {[%emt 0:00:00]} 2. Nf3 {[%emt 0:00:00]} Nf6 3. Nxe5
d6 4. Nf3 Nxe4 5. Nc3 Nxc3 6. dxc3 Be7 7. Be3 Bg4 8. Be2 O-O 9. Qd2 d5 10.
O-O-O c6 11. h3 Bxf3 12. gxf3 Qa5 13. Kb1 b5 14. Rdg1 f5 15. Bd4 Bf6 16. Qh6
Bxd4 17. cxd4 Qc7 18. Rg5 Kh8 19. Qh4 Na6 20. Bd3 Qd7 21. Rhg1 Rae8 22. c3 Rf7
23. Rh5 h6 24. Rgg5 Qe6 25. a3 Ref8 26. Qf4 Qe1+ 27. Ka2 Qd1 28. Rg6 Kg8 29.
Qxh6 Rc7 30. Qh7+ Kf7 31. Rxf5+ Ke8 32. Rxf8+ Kxf8 33. Qh8+ 1-0

[Event "DMP - III LIGA SZACHOWA SENIOROW PK 2016"]
[Site "Czudec"]
[Date "2016.??.??"]
[Round "8.5"]
[White "Nowak, Marek"]
[Black "Szpar, Milosz"]
[Result "0-1"]
[WhiteElo "1715"]
[BlackElo "1956"]
[Annotator "Szachy"]
[PlyCount "88"]
[EventDate "2016.??.??"]

1. Nf3 {[%emt 0:00:00]} Nf6 {[%emt 0:00:00]} 2. c4 {[%emt 0:00:00]} g6 {[%emt
0:00:04]} 3. g3 Bg7 4. Bg2 O-O 5. O-O d6 6. Nc3 e5 7. d3 Nc6 8. Rb1 a5 9. a3 h6
10. b4 axb4 11. axb4 Be6 12. Qc2 Nd7 13. b5 Ne7 14. Nd2 c6 15. Nb3 d5 16. c5 f5
17. e4 Nf6 18. bxc6 Nxc6 19. f3 Qd7 20. Ne2 d4 21. Nd2 Ra2 22. Rb2 Rxb2 23.
Bxb2 fxe4 24. Nxe4 Nd5 25. Bc1 Ncb4 26. Qc4 Nc6 27. Qb5 Ncb4 28. Qc4 Nc6 29.
Qb5 Nc7 30. Qb1 Nd5 31. Bd2 Nce7 32. Nd6 Rb8 33. Rc1 Kh7 34. f4 Nc6 35. Rc2 Ne3
36. Bxe3 dxe3 37. Rb2 exf4 38. Rxb7 Rxb7 39. Qxb7 Nd4 40. Qxd7 Bxd7 41. Nxd4
Bxd4 42. Kf1 Bg4 43. Nb5 e2+ 44. Ke1 Bxc5 0-1

[Event "DMP - III LIGA SZACHOWA SENIOROW PK 2016"]
[Site "Czudec"]
[Date "2016.??.??"]
[Round "8.6"]
[White "Cyboran, Katarzyna"]
[Black "Burdzy, Joanna"]
[Result "0-1"]
[WhiteElo "1823"]
[BlackElo "1660"]
[Annotator "Szachy"]
[PlyCount "50"]
[EventDate "2016.??.??"]

1. e4 {[%emt 0:00:00]} e5 {[%emt 0:00:00]} 2. d4 exd4 3. Qxd4 Nc6 4. Qe3 Nf6 5.
Nc3 Bb4 6. Bd2 O-O 7. O-O-O d6 8. Bc4 Ne5 9. Bb3 Qe7 10. f3 a5 11. a3 Bc5 12.
Qe1 Be6 13. Nd5 Nxd5 14. exd5 a4 15. Ba2 Bd7 16. Qg3 b5 17. Re1 Qf6 18. Bc3
Qh6+ 19. Kb1 Rfb8 20. Bxe5 dxe5 21. Qxe5 Bd6 22. Qe3 Qf6 23. c3 Re8 24. Qf2
Qg6+ 25. Kc1 Bf4+ 0-1

[Event "DMP - III LIGA SZACHOWA SENIOROW PK 2016"]
[Site "Czudec"]
[Date "2016.??.??"]
[Round "8.7"]
[White "Lach, Ireneusz"]
[Black "Piekarski, Lukasz"]
[Result "1/2-1/2"]
[WhiteElo "1984"]
[BlackElo "1971"]
[Annotator "Szachy"]
[PlyCount "45"]
[EventDate "2016.??.??"]

1. Nf3 {[%emt 0:00:00]} Nf6 {[%emt 0:00:00]} 2. c4 g6 3. Nc3 Bg7 4. e4 d6 5. h3
e5 6. d3 O-O 7. Bg5 Nbd7 8. Qd2 Nc5 9. g3 a5 10. Rd1 Re8 11. Bg2 Be6 12. O-O
Qd7 13. Kh2 Nh5 14. Nd5 Rab8 15. b3 Kh8 16. Ng1 Bxd5 17. exd5 f5 18. Ne2 Nf6
19. Bxf6 Bxf6 20. d4 exd4 21. Nxd4 Bxd4 22. Qxd4+ Qg7 23. Qd2 1/2-1/2

[Event "DMP - III LIGA SZACHOWA SENIOROW PK 2016"]
[Site "Czudec"]
[Date "2016.??.??"]
[Round "8.8"]
[White "Pasionek, Ariel"]
[Black "Lach, Dariusz"]
[Result "1-0"]
[WhiteElo "1959"]
[BlackElo "1795"]
[Annotator "Szachy"]
[PlyCount "79"]
[EventDate "2016.??.??"]

1. e4 {[%emt 0:00:00]} c6 2. Nc3 d5 3. Nf3 g6 {[%emt 0:00:00]} 4. d4 {[%emt 0:
00:00]} dxe4 5. Nxe4 Bg7 6. Bc4 Nf6 7. Nxf6+ exf6 8. Qe2+ Qe7 9. Qxe7+ Kxe7 10.
O-O Be6 11. Re1 Re8 12. d5 cxd5 13. Bxd5 Nc6 14. Bxc6 bxc6 15. Nd4 Rac8 16.
Nxe6 fxe6 17. Be3 a6 18. Bc5+ Kf7 19. Rad1 Red8 20. Bb6 Rxd1 21. Rxd1 Ke7 22.
Bc5+ Ke8 23. Kf1 Rd8 24. Rxd8+ Kxd8 25. Ke2 Kd7 26. c4 f5 27. b4 Be5 28. g3 Bd6
29. Bxd6 Kxd6 30. f4 e5 31. fxe5+ Kxe5 32. Kd3 g5 33. a4 f4 34. gxf4+ gxf4 35.
a5 Kd6 36. Ke4 c5 37. b5 axb5 38. cxb5 c4 39. Kxf4 Kc5 40. b6 1-0

[Event "DMP - III LIGA SZACHOWA SENIOROW PK 2016"]
[Site "Czudec"]
[Date "2016.??.??"]
[Round "8.13"]
[White "Smola, Michal"]
[Black "Gierulski, Kamil"]
[Result "0-1"]
[WhiteElo "2128"]
[BlackElo "2165"]
[Annotator "Szachy"]
[PlyCount "78"]
[EventDate "2016.??.??"]

1. e4 {[%emt 0:00:00]} c5 {[%emt 0:00:00]} 2. Nf3 {[%emt 0:00:00]} d6 {[%emt 0:
00:05]} 3. d3 Nc6 4. g3 g6 5. Bg2 Bg7 6. O-O e6 7. Re1 Nge7 8. Nbd2 O-O 9. Nf1
b5 10. h4 e5 11. h5 h6 12. hxg6 fxg6 13. Be3 Nd4 14. N1h2 Nec6 15. c3 Nxf3+ 16.
Bxf3 Rf7 17. Bg4 a5 18. Bxc8 Qxc8 19. Qd2 Qh3 20. Qd1 a4 21. b4 cxb4 22. cxb4
d5 23. exd5 Nxb4 24. Qb1 Nxd5 25. Qxb5 Nxe3 26. Rxe3 Rxf2 27. Qd5+ Kh7 28. Ng4
Rff8 29. Nxe5 Qf5 30. Rae1 Qf2+ 31. Kh1 Rf5 32. g4 Qh4+ 33. Kg1 Rf2 34. Rh3
Qxh3 35. Kxf2 Rf8+ 36. Ke2 Qh2+ 37. Kd1 Rb8 38. Kc1 Rb2 39. Kd1 Rb1# 0-1

[Event "DMP - III LIGA SZACHOWA SENIOROW PK 2016"]
[Site "Czudec"]
[Date "2016.??.??"]
[Round "8.15"]
[White "Mika, Tomasz"]
[Black "Ziemniak, Piotr"]
[Result "1-0"]
[WhiteElo "2051"]
[BlackElo "1769"]
[PlyCount "131"]
[EventDate "2016.??.??"]

1. e4 c5 2. Nf3 d6 3. d4 cxd4 4. Qxd4 a6 5. Be3 Nc6 6. Qb6 Qxb6 7. Bxb6 g6 8.
Nc3 e6 9. O-O-O Nf6 10. Bc7 Ng4 11. Bb6 f5 12. Bd3 Be7 13. Rhe1 Kf7 14. h3 Nge5
15. Nxe5+ Nxe5 16. Be2 fxe4 17. Nxe4 d5 18. Bd4 dxe4 19. Bxe5 Rf8 20. Bf1 Ke8
21. Bd4 Bg5+ 22. Kb1 e3 23. Bxe3 Bxe3 24. fxe3 Bd7 25. Rd2 Ke7 26. Bd3 Bc6 27.
b3 Rf6 28. h4 Raf8 29. h5 gxh5 30. Rh1 Rf2 31. Rxf2 Rxf2 32. Rxh5 Rxg2 33.
Rxh7+ Kd6 34. Rh3 e5 35. Kb2 e4 36. Bc4 b5 37. Bf7 Rf2 38. Rh6+ Kc7 39. Bh5 Rh2
40. Kc3 a5 41. a3 b4+ 42. axb4 axb4+ 43. Kxb4 Rxc2 44. Bf7 Rf2 45. Bc4 Rf3 46.
Kc5 Rf5+ 47. Kd4 Rg5 48. b4 Rf5 49. Re6 Bb7 50. Re5 Rf2 51. Kc5 Rc2 52. Re7+
Kb8 53. b5 Rc3 54. Kd4 Rc1 55. b6 Rd1+ 56. Kc5 Rd8 57. Be6 Ba8 58. Bd7 Bb7 59.
Re8 Rxe8 60. Bxe8 Ba6 61. Bc6 Bd3 62. Kd4 Bf1 63. Bxe4 Be2 64. Bc6 Bf1 65. Kc5
Bh3 66. Kd6 1-0

[Event "DMP - III LIGA SZACHOWA SENIOROW PK 2016"]
[Site "Czudec"]
[Date "2016.??.??"]
[Round "8.16"]
[White "Babiarz, Mariusz"]
[Black "Janus, Przemyslaw"]
[Result "1/2-1/2"]
[WhiteElo "1888"]
[BlackElo "2086"]
[Annotator "Szachy"]
[PlyCount "64"]
[EventDate "2016.??.??"]

1. e4 {[%emt 0:00:00]} c5 {[%emt 0:00:00]} 2. c3 Nf6 3. e5 Nd5 4. Nf3 e6 5. d4
cxd4 6. cxd4 Nc6 7. Nc3 d6 8. exd6 Bxd6 9. Bc4 Nb6 10. Bb5 Bd7 11. O-O Nb4 12.
a3 Bxb5 13. Nxb5 N4d5 14. Bg5 Qd7 15. Nxd6+ Qxd6 16. Qd3 O-O 17. Rac1 Rac8 18.
b4 h6 19. Bd2 Rfd8 20. Rfe1 Ne7 21. Be3 Rc6 22. b5 Rcc8 23. Qb3 Qd5 24. Qb4 Nf5
25. Rc5 Rxc5 26. dxc5 Nxe3 27. fxe3 Nd7 28. Qa5 Nxc5 29. Qxa7 Nd3 30. Rb1 Rd7
31. Qa4 Qc5 32. Nd4 Qe5 1/2-1/2

[Event "DMP - III LIGA SZACHOWA SENIOROW PK 2016"]
[Site "Czudec"]
[Date "2016.??.??"]
[Round "8.17"]
[White "Kucharski, Bartlomiej"]
[Black "Babiarz, Arkadiusz"]
[Result "1-0"]
[WhiteElo "1667"]
[BlackElo "1656"]
[PlyCount "87"]
[EventDate "2016.??.??"]

1. e4 c5 2. Nf3 e6 3. d3 d5 4. Nbd2 Nc6 5. g3 Nf6 6. Bg2 Be7 7. O-O O-O 8. Re1
Qc7 9. Nf1 dxe4 10. dxe4 b6 11. Qe2 e5 12. c3 Bb7 13. Bg5 h6 14. Bxf6 Bxf6 15.
Ne3 Ne7 16. Ng4 Qd6 17. Rad1 Qe6 18. Bh3 Kh8 19. Kg2 Bc8 20. Ng1 Qc6 21. Nxf6
Qxf6 22. Bxc8 Raxc8 23. Rd7 Nc6 24. Red1 Rfd8 25. R7d5 Kg8 26. Qf3 Qe6 27. R1d2
Kf8 28. Qd1 Ke7 29. Nf3 f5 30. Nxe5 Rxd5 31. Nxc6+ Qxc6 32. exd5 Qd6 33. Re2+
Kf7 34. Re6 Qd7 35. Qh5+ Kg8 36. Qxf5 Rf8 37. Qe5 Rf6 38. Rxf6 gxf6 39. Qe6+
Qxe6 40. dxe6 Kf8 41. f4 f5 42. g4 fxg4 43. Kg3 h5 44. Kh4 1-0

[Event "DMP - III LIGA SZACHOWA SENIOROW PK 2016"]
[Site "Czudec"]
[Date "2016.??.??"]
[Round "8.19"]
[White "Sendera, Jaroslaw"]
[Black "Augustyn, Sebastian"]
[Result "1-0"]
[WhiteElo "2290"]
[BlackElo "2106"]
[PlyCount "81"]
[EventDate "2016.??.??"]

1. e4 c5 2. Nf3 Nc6 3. Bb5 e6 4. O-O Nge7 5. Re1 a6 6. Bxc6 Nxc6 7. d4 cxd4 8.
Nxd4 Be7 9. Nxc6 dxc6 10. Qg4 h5 11. Qxg7 Bf6 12. Qg3 h4 13. Qf3 Be5 14. Nc3
Qc7 15. h3 Rg8 16. Be3 Bd7 17. Na4 c5 18. Nxc5 Bc6 19. Rad1 Qe7 20. c3 Bd6 21.
Nb3 Qc7 22. Nd4 Bd7 23. Rd2 O-O-O 24. Red1 Be5 25. Ne2 f5 26. Bf4 Bxf4 27. Nxf4
fxe4 28. Qxe4 e5 29. Nd5 Qd6 30. Ne3 Qc7 31. Qc4 Be6 32. Qxe6+ Kb8 33. Rxd8+
Rxd8 34. Rxd8+ Qxd8 35. Qxe5+ Ka8 36. Qd4 Qg8 37. b3 Qg6 38. Qxh4 Qb1+ 39. Kh2
Qxa2 40. b4 Qb2 41. Qf6 1-0

[Event "DMP - III LIGA SZACHOWA SENIOROW PK 2016"]
[Site "Czudec"]
[Date "2016.??.??"]
[Round "8.20"]
[White "Uryasz, Tomasz"]
[Black "Rawicz, Karol"]
[Result "0-1"]
[WhiteElo "1582"]
[BlackElo "2228"]
[PlyCount "74"]
[EventDate "2016.??.??"]

1. e4 d5 2. exd5 Qxd5 3. Nc3 Qd6 4. d4 Nf6 5. Nf3 a6 6. g3 b5 7. Bg2 Bb7 8. O-O
e6 9. Bf4 Qb6 10. Re1 Be7 11. Ng5 Bxg2 12. Kxg2 O-O 13. d5 b4 14. dxe6 bxc3 15.
exf7+ Rxf7 16. Nxf7 Qc6+ 17. Kg1 Kxf7 18. Qe2 Bf8 19. b3 Nbd7 20. Rad1 h6 21.
Rd4 Re8 22. Qd1 Rxe1+ 23. Qxe1 Bc5 24. Rc4 Ng4 25. Be3 Qe6 26. Rf4+ Kg8 27.
Qxc3 Nxe3 28. Qd3 Nd5 29. Re4 Qf7 30. Re2 a5 31. c4 N5f6 32. Qf5 Qh5 33. Qe6+
Kh7 34. Kg2 Qg6 35. h3 Qd3 36. Kh2 Qf3 37. Rd2 Bxf2 0-1

[Event "DMP - III LIGA SZACHOWA SENIOROW PK 2016"]
[Site "Czudec"]
[Date "2016.??.??"]
[Round "8.21"]
[White "Muc, Marcin"]
[Black "Tatarczany, Piotr"]
[Result "1-0"]
[WhiteElo "2128"]
[BlackElo "1548"]
[Annotator "Szachy"]
[PlyCount "73"]
[EventDate "2016.??.??"]

1. d4 {[%emt 0:00:00]} Nf6 {[%emt 0:00:00]} 2. Nf3 e6 3. g3 d5 4. Bg2 Be7 5. c4
c6 6. O-O O-O 7. Nc3 Nbd7 8. b3 b6 9. Bb2 Ba6 10. Nd2 Qc8 11. e4 dxe4 12. Ndxe4
Nxe4 13. Nxe4 Nf6 14. Ng5 h6 15. Nf3 Bb7 16. Qe2 Qc7 17. Rfe1 Rfe8 18. Rad1
Rad8 19. Rd3 c5 20. Red1 cxd4 21. Nxd4 Bxg2 22. Kxg2 a6 23. Qf3 Rc8 24. Nc2
Red8 25. Rd4 Rxd4 26. Rxd4 Qc6 27. Qxc6 Rxc6 28. Ba3 Bxa3 29. Nxa3 Kf8 30. Rd8+
Ne8 31. Ra8 a5 32. Nb5 Ke7 33. Na7 Rc5 34. Nc8+ Kf6 35. Nxb6 Rc6 36. Rxe8 Rxb6
37. Ra8 1-0

[Event "DMP - III LIGA SZACHOWA SENIOROW PK 2016"]
[Site "Czudec"]
[Date "2016.??.??"]
[Round "8.24"]
[White "Pedrak, Paulina"]
[Black "Wolowiec-musial, Malgorzata"]
[Result "0-1"]
[WhiteElo "1572"]
[BlackElo "1857"]
[Annotator "Szachy"]
[PlyCount "96"]
[EventDate "2016.??.??"]

1. e4 {[%emt 0:00:00]} e5 {[%emt 0:00:00]} 2. Nf3 {[%emt 0:00:00]} Nc6 {[%emt
0:00:06]} 3. Bb5 {[%emt 0:00:00]} a6 4. Ba4 Nf6 5. O-O b5 6. Bb3 Bc5 7. Re1 d6
8. h3 O-O 9. c3 h6 10. a4 Bb7 11. d3 Re8 12. Nbd2 d5 13. exd5 Nxd5 14. Ne4 Be7
15. Nh2 Nf4 16. Bxf4 exf4 17. Qh5 Rf8 18. axb5 axb5 19. Qxb5 Rb8 20. Qd5 Bd6
21. Nxd6 cxd6 22. Qh5 Qb6 23. Bd5 Qxb2 24. Bxc6 Bxc6 25. Rac1 Qa3 26. d4 Rb2
27. Qd1 Qa8 28. Nf3 Bxf3 29. Qxf3 Qxf3 30. gxf3 g5 31. Kg2 Kg7 32. h4 Kf6 33.
hxg5+ Kxg5 34. Re7 h5 35. Rd7 Rb6 36. c4 Kf6 37. Rc7 Rg8+ 38. Kh3 Rb3 39. Rc2
Rxf3+ 40. Kh2 Rd3 41. d5 Rg7 42. Rd7 Ke5 43. Re2+ Kd4 44. Rxd6 Kxc4 45. Rd8 f3
46. Rc2+ Kd4 47. d6 Rg2+ 48. Kh3 Rd1 0-1

[Event "DMP - III LIGA SZACHOWA SENIOROW PK 2016"]
[Site "Czudec"]
[Date "2016.??.??"]
[Round "8.25"]
[White "Przybek, Tomasz"]
[Black "Zaskalski, Pawel"]
[Result "0-1"]
[WhiteElo "1987"]
[BlackElo "2160"]
[Annotator "Szachy"]
[PlyCount "56"]
[EventDate "2016.??.??"]

1. d4 {[%emt 0:00:00]} d5 {[%emt 0:00:00]} 2. Nf3 e6 3. c4 f5 4. Nc3 Nf6 5. g3
c6 6. Bg2 Bd6 7. c5 Bc7 8. Bg5 O-O 9. e3 Nbd7 10. Bf4 Ne4 11. h4 b6 12. Ng5
Ndf6 13. Ncxe4 fxe4 14. Bh3 Re8 15. Be5 bxc5 16. Bxf6 gxf6 17. Bxe6+ Bxe6 18.
Nxe6 Ba5+ 19. Kf1 Rxe6 20. Qg4+ Kf7 21. Qf5 Qg8 22. h5 Kg7 23. Rh4 Kh8 24. Rg4
Qf7 25. h6 Rg8 26. Rg7 Rxg7 27. hxg7+ Kxg7 28. Kg2 Re7 0-1

[Event "DMP - III LIGA SZACHOWA SENIOROW PK 2016"]
[Site "Czudec"]
[Date "2016.??.??"]
[Round "8.26"]
[White "Zaskalski, Arkadiusz"]
[Black "Mroczek, Jacek"]
[Result "1/2-1/2"]
[WhiteElo "2158"]
[BlackElo "1923"]
[Annotator "Szachy"]
[PlyCount "42"]
[EventDate "2016.??.??"]

1. Nf3 {[%emt 0:00:00]} Nf6 {[%emt 0:00:00]} 2. c4 g6 3. g3 Bg7 4. Bg2 O-O 5.
Nc3 d6 6. d4 Nc6 7. O-O a6 8. b3 e5 9. Bb2 Rb8 10. Qd2 Bg4 11. dxe5 Nxe5 12.
Nxe5 dxe5 13. Rfd1 c6 14. Qe3 Qc7 15. Rd2 Rbd8 16. Rad1 Rxd2 17. Qxd2 Re8 18.
Qd6 Qxd6 19. Rxd6 Nd7 20. h3 Be6 21. Rd2 f5 1/2-1/2

[Event "DMP - III LIGA SZACHOWA SENIOROW PK 2016"]
[Site "Czudec"]
[Date "2016.??.??"]
[Round "8.27"]
[White "Zadlo, Roman"]
[Black "Kopacz, Lukasz"]
[Result "1/2-1/2"]
[WhiteElo "2008"]
[BlackElo "1937"]
[Annotator "Szachy"]
[PlyCount "145"]
[EventDate "2016.??.??"]

1. d4 {[%emt 0:00:00]} c5 2. d5 e5 3. c4 d6 4. e4 Be7 5. Nc3 Bg5 6. Nf3 Bxc1 7.
Rxc1 a6 8. Be2 Nf6 9. O-O O-O 10. Nd2 Nbd7 11. Bg4 Qe7 12. f4 exf4 13. Rxf4
Nxg4 14. Qxg4 Ne5 15. Qe2 Bd7 16. a4 b6 17. Rcf1 Rab8 18. Qh5 f6 19. Qe2 Qe8
20. b3 b5 21. axb5 axb5 22. cxb5 Bxb5 23. Nxb5 Qxb5 24. Qxb5 Rxb5 25. Nc4 Nxc4
26. bxc4 Rb4 27. Rc1 Ra8 28. Rf2 Raa4 29. Rfc2 Ra3 30. Rc3 Ra2 31. R3c2 Rbb2
32. Rxb2 Rxb2 33. Kf1 Rd2 34. Ra1 Rd4 35. Ra6 Rxc4 36. Rxd6 Rxe4 37. Rc6 c4 38.
d6 Rd4 39. d7 Rxd7 40. Rxc4 Kf7 41. Kf2 Ra7 42. Kf3 Ra3+ 43. Kf2 h6 44. h3 g5
45. h4 Kg6 46. hxg5 hxg5 47. g4 Kf7 48. Re4 Rh3 49. Rc4 Ke6 50. Re4+ Kd5 51.
Re8 Rb3 52. Re7 Rb6 53. Kf3 Rb3+ 54. Kf2 Rb4 55. Kg3 Re4 56. Ra7 Re3+ 57. Kf2
Rc3 58. Re7 Ra3 59. Re8 Ra4 60. Kf3 Rf4+ 61. Kg3 Re4 62. Rc8 Ke5 63. Re8+ Kd4
64. Rd8+ Ke3 65. Rd6 Rf4 66. Re6+ Kd4 67. Ra6 Ke5 68. Ra5+ Ke6 69. Ra6+ Kf7 70.
Rb6 Rc4 71. Kf3 Rc3+ 72. Kg2 Rc1 73. Kf3 1/2-1/2

[Event "DMP - III LIGA SZACHOWA SENIOROW PK 2016"]
[Site "Czudec"]
[Date "2016.??.??"]
[Round "8.28"]
[White "Zaskalski, Dawid"]
[Black "Lusio, Daniel"]
[Result "0-1"]
[WhiteElo "1911"]
[BlackElo "1877"]
[Annotator "Szachy"]
[PlyCount "116"]
[EventDate "2016.??.??"]

1. e4 {[%emt 0:00:00]} c6 {[%emt 0:00:00]} 2. d4 {[%emt 0:00:05]} d5 {[%emt 0:
00:00]} 3. exd5 cxd5 4. Bd3 Nf6 5. Nc3 Nc6 6. Nf3 Bg4 7. Be3 e6 8. O-O Be7 9.
Be2 O-O 10. Ne5 Bxe2 11. Qxe2 Rc8 12. Rad1 Qb6 13. b3 Qa5 14. Nxc6 Rxc6 15. Na4
Rfc8 16. c3 Ne4 17. Bd2 Nxd2 18. Qxd2 Qc7 19. b4 Rc4 20. Qb2 b6 21. Rd3 Qd7 22.
Qb3 Qc6 23. a3 a5 24. b5 Qd6 25. Re3 Rb8 26. Ra1 Bh4 27. Re2 Rbc8 28. Rae1 Be7
29. Ra1 Bf6 30. Rae1 h6 31. g3 Rxa4 32. Qxa4 Rxc3 33. Ra2 Rc4 34. Qb3 Bxd4 35.
Rd1 Qc5 36. Rad2 Bc3 37. Ra2 a4 38. Qb1 d4 39. Qe4 Qxb5 40. Rb1 Qc6 41. Qd3 Ba5
42. Rd1 e5 43. Re2 Rc5 44. Qf5 g6 45. Qb1 Kg7 46. h4 Qf3 47. Qd3 Qxd3 48. Rxd3
Bc3 49. f3 Rb5 50. Kf2 f5 51. Ra2 Kf6 52. Ke2 e4 53. Rd1 Ke5 54. Rf1 d3+ 55.
Ke3 Bd4+ 56. Kd2 Rb3 57. Rc1 e3+ 58. Kd1 Bc3 0-1

[Event "DMP - III LIGA SZACHOWA SENIOROW PK 2016"]
[Site "Czudec"]
[Date "2016.??.??"]
[Round "8.30"]
[White "Godek, Martyna"]
[Black "Starzec, Klaudia"]
[Result "1/2-1/2"]
[WhiteElo "1435"]
[BlackElo "1275"]
[Annotator "Szachy"]
[PlyCount "77"]
[EventDate "2016.??.??"]

1. e4 {[%emt 0:00:00]} d5 {[%emt 0:00:00]} 2. exd5 {[%emt 0:00:00]} Qxd5 {
[%emt 0:00:06]} 3. Nc3 {[%emt 0:00:00]} Qd8 4. d4 Nf6 5. h3 e6 6. a3 Nc6 7. Bb5
Bd7 8. Nf3 a6 9. Bc4 Bd6 10. O-O O-O 11. Be3 Ne7 12. Bg5 Ng6 13. Ne4 Be7 14.
Nxf6+ Bxf6 15. Qd2 Bc6 16. Bxf6 Qxf6 17. Nh2 Rad8 18. c3 h5 19. Qe3 Nh4 20. f3
Nf5 21. Qf4 Nd6 22. Qxf6 gxf6 23. Bd3 f5 24. Rfe1 Bd5 25. Nf1 Kg7 26. Ng3 Kh6
27. h4 Rg8 28. Kf2 Rg7 29. Ne2 Rdg8 30. Nf4 Bc4 31. Bxc4 Nxc4 32. Re2 c6 33. b3
Nb6 34. Kf1 Nd5 35. Nxd5 exd5 36. a4 Rc8 37. Rc1 Rgg8 38. Rec2 b5 39. a5
1/2-1/2